000
00256nam a2200097Ia 4500
001
792236
005
20250826170625.0
008
250824s9999 xx 000 0 und d
245
0
_a
BİT HİKAYE-İ SEVDE
_c
HALİD ZİYA UŞAKLIGİL
260
_b
ÖZGÜR YAYINLARI
999
_c
792236
_d
792236